| 000 | 01893nam a2200373 i 4500 | ||
|---|---|---|---|
| 001 | 768714001 | ||
| 003 | CO-MdFUSB | ||
| 005 | 20260407162941.0 | ||
| 007 | ta | ||
| 008 | 250916t1992 -us |||g |||| 00| 0 eng d | ||
| 020 | _a0-89870-422-7 | ||
| 040 |
_aCO-MdFUSB _bspa _cCO-MdFUSB _dCO-MdFUSBC _erda |
||
| 041 | _aeng | ||
| 082 |
_223 _a241 _bK91 |
||
| 100 |
_aKreeft, Peter, _eautor |
||
| 245 |
_aBack to virtue _c/ Peter kreeft |
||
| 264 | 1 |
_aSan francisco : _bIgnatius Press, _c[1992] |
|
| 264 | 4 | _c©1992 | |
| 300 |
_a195 páginas _c; 21 cm |
||
| 336 |
_2rdacontent _atexto _btxt |
||
| 337 |
_2rdamedia _asin mediación _bn |
||
| 338 |
_2rdacarrier _avolumen _bnc |
||
| 500 | _aTabla de contenido traducida por agencia catalogadora | ||
| 505 | _aParte I Ausente : Un pueblo virtuoso. Una civilización en riesgo: ¿Qué fue de la virtud? -- La cultura occidental en el diván: Un psicoanálisis espiritual. -- Historia espiritual 101: ¿Cómo llegamos al borde? Part II La clave: la virtud personal Justicia, sabiduría, valentía y moderación: Las cuatro virtudes cardinales. -- Fe, esperanza y amor: Las tres virtudes teologales. -- Las bienaventuranzas enfrentan los siete pecados capitales. -- Pobres de espíritu vs. orgullosos de corazón. -- Dar misericordia vs. obtener cosas. -- El llanto bendecido vs. el duelo por la bendición ajena. -- Los mansos y los pacificadores vs. los dominados por la ira. -- Hambre y sed de justicia vs. conformidad con la pereza. -- Puros de corazón vs. lujuriosos de corazón. -- Valentía en la persecución vs. autocomplacencia. -- En conclusión: El encanto de la virtud. | ||
| 563 | _arústico | ||
| 650 | 7 |
_aFilosofía _97168 |
|
| 653 | _aÉtica cristiana | ||
| 653 | _aVirtudes | ||
| 653 | _aVida cristiana | ||
| 653 | _aTeología moral | ||
| 942 | _cBK | ||
| 945 | _aEstudiante Juan Eusse | ||
| 999 |
_c71440 _d71440 |
||